| 000 | 01840nam a2200277Ia 4500 | ||
|---|---|---|---|
| 001 | F4945 | ||
| 003 | IT-RoPAU | ||
| 008 | 130308s9999 xx 000 0 und d | ||
| 040 | _aIT-RoPAU | ||
| 040 | _cIT-RoPAU | ||
| 041 | _aITALIANO | ||
| 100 | _aAlberione Giacomo | ||
| 100 | _gCodice Aut. SPICS: 10028 | ||
| 245 | _aMeditazioni del Primo Maestro alle suore Figlie di San Paolo | ||
| 245 | _bMeditazioni del Primo maestro Alle Suore Figlie di San Paolo | ||
| 250 | _a1a ed. | ||
| 260 | _bs.e. (senza Editrice o non identificata) | ||
| 260 | _c1931 [1° Ed.:1931 - Ed.Ling.Originale:1931] | ||
| 300 | _a"72 p. (prefazione: no ; testo: 72 [pagine: 0-0])" | ||
| 500 | _aSpirito Paolino (Natale 1929), Preziosità del Tempo della giovinezza (05.02.30), Vita Comune (06.02.30), Gesu' Modello e Fine della Vita Religiosa (06.02.30), Devozione a Maria Santissima nella Visita, Confessione Spirituale nella visita (23.05.30), Apostolo e Apostolato Stampa (14.07.31), la nostra fortuna (15.07.31), L'Apostolato (16.07.31), Esame di Coscienza (17.07.31), Maria Assunta (14/15.08.31), Atto di fede (18.08.31), Apostolato della Stampa (03.09.31), scopi del Rosario (02.10.31), Rosario canale di grazie (03.10.31), Rosario e Anime del Purgatorio (06.10.31), passione Predominante(25.10.31), Gesu' Cristo Re (25.10.31), Vita Comune (23.11.31), passione Predominante (27.11.31), Attende Tibi (30.11.31), Confessione (07.12.31), virtù familiari in Religione (09.12.31), virtù Familiari: Umiltà con gli inferiori (10.12.31), virtù Familiari: la Carità (11.12.31), Devozione Alla Madonna (12.12.31), Natale: Amore al Vangelo (25.12.31). Meditazioni Tenute nella Casa delle Figlie di San Paolo di Alba. | ||
| 650 | _aSCRITTI DI GIACOMO ALBERIONE | ||
| 650 | _eCodice materia Spics: 9901 | ||
| 942 | _cBK | ||
| 957 | _71 | ||
| 999 |
_c95615 _d95615 |
||
| 999 | _g1 | ||